[Event "European School Championships"]
[Site "Rhodes, Greece"]
[Date "2022.04.29"]
[Round "9.2"]
[White "Popescu, Rares-Stefan"]
[Black "Sason, Noam"]
[Result "1/2-1/2"]
[WhiteElo "1217"]
[BlackElo "1503"]
[PlyCount "80"]
[EventDate "2022.04.21"]
[EventRounds "9"]

1. e4 {[%emt 0:00:03]} c5 {[%emt 0:00:52]} 2. Nf3 {[%emt 0:00:20]} d6 {[%emt 0:
00:53]} 3. Bb5+ {[%emt 0:00:32]} Bd7 {[%emt 0:00:39]} 4. Bxd7+ {[%emt 0:00:43]}
Qxd7 {[%emt 0:00:44]} 5. O-O {[%emt 0:00:59]} Nc6 {[%emt 0:01:04]} 6. c3 {
[%emt 0:03:46]} Nf6 {[%emt 0:02:31]} 7. Qe2 {[%emt 0:01:02]} e6 {[%emt 0:01:39]
} 8. d4 {[%emt 0:01:08]} cxd4 {[%emt 0:00:28]} 9. cxd4 {[%emt 0:01:14]} d5 {
[%emt 0:00:27]} 10. e5 {[%emt 0:00:22]} Ne4 {[%emt 0:00:28]} 11. Nbd2 {[%emt 0:
00:39]} Nxd2 {[%emt 0:02:10]} 12. Bxd2 {[%emt 0:00:53]} Bb4 {[%emt 0:02:52]}
13. Bxb4 {[%emt 0:08:48]} Nxb4 {[%emt 0:02:33]} 14. a3 {[%emt 0:00:56]} Nc6 {
[%emt 0:01:34]} 15. Rac1 {[%emt 0:03:15]} O-O {[%emt 0:04:44]} 16. Rc3 {
[%emt 0:13:16]} f6 {[%emt 0:03:04]} 17. Rfc1 {[%emt 0:15:40]} Qf7 {[%emt 0:04:
20]} 18. Rd1 {[%emt 0:23:56]} Rad8 {[%emt 0:03:24]} 19. Rcd3 {[%emt 0:02:15]}
Rd7 {[%emt 0:03:58]} 20. Qe3 {[%emt 0:05:07]} Qg6 {[%emt 0:03:27]} 21. exf6 {
[%emt 0:06:40]} Rxf6 {[%emt 0:02:11]} 22. Rc1 {[%emt 0:02:21]} Rdf7 {[%emt 0:
01:01]} 23. Ne5 {[%emt 0:02:59]} Nxe5 {[%emt 0:00:46]} 24. Rc8+ {[%emt 0:00:25]
} Rf8 {[%emt 0:00:07]} 25. Rxf8+ {[%emt 0:00:14]} Rxf8 {[%emt 0:00:53]} 26.
dxe5 {[%emt 0:00:17]} Rc8 {[%emt 0:00:49]} 27. h3 {[%emt 0:01:04]} Rc4 {
[%emt 0:01:03]} 28. Kh2 {[%emt 0:01:38]} Qe4 {[%emt 0:02:19]} 29. Qxe4 {
[%emt 0:01:00]} Rxe4 {[%emt 0:00:30]} 30. Re3 {[%emt 0:00:14]} Rxe3 {[%emt 0:
00:24]} 31. fxe3 {[%emt 0:00:09]} Kf7 {[%emt 0:00:02]} 32. g4 {[%emt 0:00:39]}
g5 {[%emt 0:01:03]} 33. Kg3 {[%emt 0:00:39]} Ke7 {[%emt 0:00:46]} 34. Kf3 {
[%emt 0:00:17]} Kd7 {[%emt 0:00:44]} 35. Ke2 {[%emt 0:00:13]} Kc6 {[%emt 0:00:
24]} 36. Kd3 {[%emt 0:00:25]} Kb5 {[%emt 0:01:48]} 37. b3 {[%emt 0:00:56]} a5 {
[%emt 0:00:42]} 38. Kc3 {[%emt 0:00:29]} Kc5 {[%emt 0:00:14]} 39. Kd3 {[%emt 0:
01:02]} b5 {[%emt 0:00:34]} 40. Kc3 {[%emt 0:01:08]} b4+ {[%emt 0:02:13]}
1/2-1/2

[Event "European School Championships"]
[Site "Rhodes, Greece"]
[Date "2022.04.29"]
[Round "9.3"]
[White "Filindash, Nikita"]
[Black "Sofronie, Vladimir"]
[Result "1-0"]
[WhiteElo "1404"]
[BlackElo "1743"]
[PlyCount "49"]
[EventDate "2022.04.21"]
[EventRounds "9"]

1. d4 {[%emt 0:00:02]} Nf6 {[%emt 0:00:08]} 2. c4 {[%emt 0:00:07]} e6 {[%emt 0:
00:23]} 3. Nc3 {[%emt 0:00:12]} Bb4 {[%emt 0:01:33]} 4. e3 {[%emt 0:00:09]} b6
{[%emt 0:01:17]} 5. Nge2 {[%emt 0:03:38]} Ne4 {[%emt 0:03:36]} 6. Qc2 {[%emt 0:
00:57]} Bxc3+ {[%emt 0:00:17]} 7. Nxc3 {[%emt 0:03:32]} Nxc3 {[%emt 0:00:16]}
8. Qxc3 {[%emt 0:00:09]} O-O {[%emt 0:06:05]} 9. Bd3 {[%emt 0:01:30]} Bb7 {
[%emt 0:02:49]} 10. Bd2 {[%emt 0:32:35]} f5 {[%emt 0:04:01]} 11. O-O-O {
[%emt 0:01:15]} d6 {[%emt 0:03:31]} 12. f3 {[%emt 0:00:30]} Nd7 13. Rdf1 {
[%emt 0:02:32]} e5 14. Qc2 {[%emt 0:03:01]} Qg5 15. Rhg1 {[%emt 0:09:26]} h6
16. f4 {[%emt 0:08:56]} exf4 17. Rxf4 {[%emt 0:02:52]} Qh5 18. Bxf5 {[%emt 0:
04:39]} Qxh2 19. Rgf1 {[%emt 0:00:31]} Nf6 20. e4 {[%emt 0:07:05]} Bc8 21. e5 {
[%emt 0:08:19]} Bxf5 22. Qxf5 {[%emt 0:01:45]} Nh7 {[%emt 0:02:14]} 23. Qg4 {
[%emt 0:07:07]} h5 {[%emt 0:01:14]} 24. Qg6 {[%emt 0:00:31]} dxe5 {[%emt 0:01:
19]} 25. Rf7 {[%emt 0:01:00]} 1-0

[Event "European School Championships"]
[Site "Rhodes, Greece"]
[Date "2022.04.29"]
[Round "9.4"]
[White "Hansen, Patrick Noumedem"]
[Black "Mihaylov, Bozhidar"]
[Result "0-1"]
[WhiteElo "1126"]
[BlackElo "1257"]
[PlyCount "106"]
[EventDate "2022.04.21"]
[EventRounds "9"]

1. d4 {[%emt 0:00:08]} d5 {[%emt 0:00:05]} 2. c4 {[%emt 0:00:38]} e6 {[%emt 0:
00:04]} 3. Nf3 {[%emt 0:00:42]} Nf6 {[%emt 0:00:07]} 4. e3 {[%emt 0:00:21]} Be7
{[%emt 0:00:18]} 5. Bd3 {[%emt 0:00:16]} O-O {[%emt 0:00:22]} 6. b3 {[%emt 0:
00:10]} c6 {[%emt 0:00:18]} 7. O-O {[%emt 0:00:12]} Nbd7 {[%emt 0:00:09]} 8.
Bb2 {[%emt 0:00:07]} b6 {[%emt 0:00:07]} 9. Nbd2 {[%emt 0:00:18]} Bb7 {[%emt 0:
00:24]} 10. Qc2 {[%emt 0:00:48]} Rc8 {[%emt 0:00:18]} 11. Rac1 {[%emt 0:01:27]}
h6 {[%emt 0:01:27]} 12. Ne5 {[%emt 0:03:23]} Nxe5 {[%emt 0:00:34]} 13. dxe5 {
[%emt 0:00:07]} Nd7 {[%emt 0:00:06]} 14. f4 {[%emt 0:00:12]} Nc5 {[%emt 0:00:
59]} 15. Ba3 {[%emt 0:00:54]} Qc7 {[%emt 0:05:10]} 16. Bh7+ {[%emt 0:01:51]}
Kh8 {[%emt 0:00:41]} 17. Rf3 {[%emt 0:00:59]} Na6 {[%emt 0:01:01]} 18. Bxe7 {
[%emt 0:00:11]} Qxe7 {[%emt 0:00:05]} 19. Bd3 {[%emt 0:01:56]} Nb4 {[%emt 0:00:
39]} 20. Qb1 {[%emt 0:00:24]} Nxd3 {[%emt 0:00:23]} 21. Qxd3 {[%emt 0:00:07]}
c5 {[%emt 0:00:11]} 22. cxd5 {[%emt 0:00:20]} exd5 {[%emt 0:00:12]} 23. Rh3 {
[%emt 0:00:31]} Rfd8 {[%emt 0:01:00]} 24. Qe2 {[%emt 0:02:08]} Qd7 {[%emt 0:01:
48]} 25. Qf1 {[%emt 0:02:50]} b5 {[%emt 0:02:29]} 26. f5 {[%emt 0:02:51]} Re8 {
[%emt 0:00:29]} 27. f6 {[%emt 0:00:52]} Rxe5 {[%emt 0:00:47]} 28. fxg7+ {
[%emt 0:00:39]} Kxg7 {[%emt 0:00:14]} 29. Qf4 {[%emt 0:01:29]} Rg5 {[%emt 0:01:
40]} 30. Rf1 {[%emt 0:00:59]} Qxh3 {[%emt 0:13:28]} 31. Qxf7+ {[%emt 0:00:26]}
Kh8 {[%emt 0:00:07]} 32. Qf6+ {[%emt 0:00:13]} Rg7 {[%emt 0:00:24]} 33. Qxg7+ {
[%emt 0:00:34]} Kxg7 {[%emt 0:00:06]} 34. gxh3 {[%emt 0:00:05]} Re8 {[%emt 0:
00:10]} 35. Kf2 {[%emt 0:00:36]} Rf8+ {[%emt 0:00:22]} 36. Nf3 {[%emt 0:00:07]}
d4 {[%emt 0:00:22]} 37. Rg1+ {[%emt 0:00:58]} Kh7 {[%emt 0:00:09]} 38. exd4 {
[%emt 0:02:13]} Rxf3+ {[%emt 0:00:19]} 39. Ke2 {[%emt 0:00:07]} cxd4 {[%emt 0:
00:46]} 40. Rc1 {[%emt 0:00:59]} Rc3 {[%emt 0:00:06]} 41. Rf1 {[%emt 0:00:35]}
Kg6 {[%emt 0:01:14]} 42. Rg1+ {[%emt 0:00:28]} Kf7 {[%emt 0:00:14]} 43. Rf1+ {
[%emt 0:00:22]} Ke7 {[%emt 0:00:25]} 44. Rg1 {[%emt 0:00:07]} Re3+ {[%emt 0:00:
25]} 45. Kd2 {[%emt 0:00:13]} Kd6 {[%emt 0:00:23]} 46. Rg6+ {[%emt 0:00:10]}
Re6 {[%emt 0:00:10]} 47. Rg4 {[%emt 0:00:25]} Be4 {[%emt 0:00:38]} 48. a3 {
[%emt 0:00:58]} a6 {[%emt 0:01:57]} 49. b4 {[%emt 0:02:40]} Kd5 {[%emt 0:01:47]
} 50. Rg3 {[%emt 0:01:42]} Rg6 {[%emt 0:01:37]} 51. Rb3 {[%emt 0:02:06]} Kc4 {
[%emt 0:00:15]} 52. Rg3 {[%emt 0:00:23]} Rxg3 {[%emt 0:00:09]} 53. hxg3 {
[%emt 0:00:05]} Kb3 {[%emt 0:00:24]} 0-1

[Event "European School Championships"]
[Site "Rhodes, Greece"]
[Date "2022.04.21"]
[Round "1.1"]
[White "Ward, Cian"]
[Black "Erdogmus, Yagiz Kaan"]
[Result "0-1"]
[WhiteElo "1367"]
[BlackElo "2358"]
[PlyCount "96"]
[EventDate "2022.04.21"]
[EventRounds "9"]

1. e4 {[%emt 1:08:56]} e5 {[%emt 0:00:09]} 2. Nf3 {[%emt 0:00:04]} Nc6 {
[%emt 0:00:03]} 3. d4 {[%emt 0:00:05]} exd4 {[%emt 0:00:08]} 4. Nxd4 {[%emt 0:
00:04]} Bc5 {[%emt 0:00:13]} 5. Be3 {[%emt 0:00:04]} Qf6 {[%emt 0:00:08]} 6. c3
{[%emt 0:00:15]} Nge7 {[%emt 0:00:21]} 7. Bc4 {[%emt 0:00:18]} O-O {[%emt 0:00:
23]} 8. O-O {[%emt 0:00:05]} b6 {[%emt 0:00:23]} 9. Nxc6 {[%emt 0:00:15]} Qxc6
{[%emt 0:01:12]} 10. Bxc5 {[%emt 0:02:50]} Qxc5 {[%emt 0:02:19]} 11. Qd4 {
[%emt 0:01:23]} Qc6 {[%emt 0:09:52]} 12. Na3 {[%emt 0:02:03]} Bb7 {[%emt 0:04:
42]} 13. Bb5 {[%emt 0:02:15]} Qg6 {[%emt 0:00:16]} 14. Qxd7 {[%emt 0:07:27]}
Qxe4 {[%emt 0:01:07]} 15. f3 {[%emt 0:01:13]} Qe3+ {[%emt 0:00:04]} 16. Kh1 {
[%emt 0:00:52]} Nd5 {[%emt 0:00:22]} 17. Qf5 {[%emt 0:05:26]} Qh6 {[%emt 0:04:
27]} 18. Rfe1 {[%emt 0:03:31]} Rad8 {[%emt 0:07:04]} 19. Nc2 {[%emt 0:10:11]}
Nf4 {[%emt 0:00:28]} 20. Rad1 {[%emt 0:02:43]} Rxd1 {[%emt 0:13:42]} 21. Rxd1 {
[%emt 0:00:07]} Bc8 {[%emt 0:01:34]} 22. Qe5 {[%emt 0:03:40]} Nxg2 {[%emt 0:00:
27]} 23. Kxg2 {[%emt 0:01:35]} Qg6+ {[%emt 0:00:02]} 24. Kh1 {[%emt 0:01:07]}
Qxc2 {[%emt 0:00:03]} 25. Qe2 {[%emt 0:01:53]} Qf5 {[%emt 0:01:58]} 26. Bc6 {
[%emt 0:02:52]} Be6 {[%emt 0:01:33]} 27. a3 {[%emt 0:01:46]} g6 {[%emt 0:01:40]
} 28. Be4 {[%emt 0:01:45]} Qf6 {[%emt 0:08:13]} 29. Bd5 {[%emt 0:01:29]} Bf5 {
[%emt 0:00:41]} 30. Re1 {[%emt 0:02:33]} c6 {[%emt 0:00:31]} 31. Bb3 {[%emt 0:
00:47]} Bh3 {[%emt 0:01:02]} 32. Rg1 {[%emt 0:02:24]} Rd8 {[%emt 0:00:38]} 33.
Rg3 {[%emt 0:01:27]} Bf5 {[%emt 0:01:36]} 34. Rg1 {[%emt 0:00:36]} Bd3 {
[%emt 0:02:02]} 35. Qe3 {[%emt 0:00:32]} c5 {[%emt 0:00:42]} 36. Rc1 {[%emt 0:
01:15]} c4 {[%emt 0:01:13]} 37. Bc2 {[%emt 0:00:30]} Bxc2 {[%emt 0:00:50]} 38.
Rxc2 {[%emt 0:00:03]} Rd3 {[%emt 0:00:01]} 39. Qe2 {[%emt 0:02:07]} Rxf3 {
[%emt 0:01:20]} 40. Kg2 {[%emt 0:00:17]} Rd3 {[%emt 0:00:12]} 41. Kg1 {[%emt 0:
02:17]} Qg5+ {[%emt 0:00:28]} 42. Kh1 {[%emt 0:00:50]} Qd5+ {[%emt 0:00:35]}
43. Kg1 {[%emt 0:01:12]} Rd1+ {[%emt 0:00:04]} 44. Kf2 {[%emt 0:00:14]} Qc5+ {
[%emt 0:01:47]} 45. Kf3 {[%emt 0:00:26]} Kg7 {[%emt 0:02:58]} 46. Rd2 {[%emt 0:
01:56]} Qh5+ {[%emt 0:00:24]} 47. Kf2 {[%emt 0:00:45]} Qxh2+ {[%emt 0:00:12]}
48. Kf3 {[%emt 0:00:08]} Rxd2 {[%emt 0:00:10]} 0-1

[Event "European School Championships"]
[Site "Rhodes, Greece"]
[Date "2022.04.21"]
[Round "1.3"]
[White "Qalabegashvili, Data"]
[Black "Ochedzan, Filip"]
[Result "1/2-1/2"]
[WhiteElo "1348"]
[BlackElo "1873"]
[PlyCount "136"]
[EventDate "2022.04.21"]
[EventRounds "9"]

1. e4 {[%emt 0:07:20]} c5 {[%emt 0:00:11]} 2. Nf3 {[%emt 0:00:07]} d6 {[%emt 0:
00:12]} 3. d4 {[%emt 0:00:05]} cxd4 {[%emt 0:00:27]} 4. Nxd4 {[%emt 0:00:07]}
Nf6 {[%emt 0:00:16]} 5. Nc3 {[%emt 0:00:07]} a6 {[%emt 0:00:23]} 6. Be3 {
[%emt 0:00:07]} e5 {[%emt 0:00:20]} 7. Nb3 {[%emt 0:00:09]} Be6 {[%emt 0:00:29]
} 8. Qd2 {[%emt 0:00:44]} Nbd7 {[%emt 0:02:40]} 9. f3 {[%emt 0:00:11]} h5 {
[%emt 0:00:44]} 10. O-O-O {[%emt 0:00:23]} Rc8 {[%emt 0:01:38]} 11. Nd5 {
[%emt 0:00:30]} Bxd5 {[%emt 0:01:31]} 12. exd5 {[%emt 0:00:19]} g6 {[%emt 0:02:
07]} 13. Kb1 {[%emt 0:00:24]} Bg7 {[%emt 0:02:47]} 14. Be2 {[%emt 0:02:53]} Qc7
{[%emt 0:05:33]} 15. c4 {[%emt 0:01:38]} O-O {[%emt 0:06:39]} 16. Rc1 {[%emt 0:
04:11]} b6 {[%emt 0:03:07]} 17. Bh6 {[%emt 0:03:35]} a5 {[%emt 0:04:51]} 18.
Bxg7 {[%emt 0:03:37]} Kxg7 {[%emt 0:00:08]} 19. Qc3 {[%emt 0:02:53]} a4 {
[%emt 0:06:21]} 20. Nd2 {[%emt 0:00:44]} b5 {[%emt 0:14:38]} 21. cxb5 {[%emt 0:
07:41]} Qb7 {[%emt 0:01:27]} 22. Qb4 {[%emt 0:07:13]} Qxd5 {[%emt 0:03:05]} 23.
Ne4 {[%emt 0:00:50]} Nxe4 {[%emt 0:02:59]} 24. fxe4 {[%emt 0:00:33]} Qb7 {
[%emt 0:00:32]} 25. Rhd1 {[%emt 0:04:04]} Rxc1+ {[%emt 0:01:52]} 26. Rxc1 {
[%emt 0:00:23]} Nc5 {[%emt 0:00:53]} 27. Rd1 {[%emt 0:06:56]} Rd8 {[%emt 0:10:
49]} 28. Bf3 {[%emt 0:01:07]} Qb6 {[%emt 0:00:48]} 29. Be2 {[%emt 0:03:36]} Rf8
{[%emt 0:03:22]} 30. Qc4 {[%emt 0:02:30]} Ne6 {[%emt 0:14:09]} 31. Qxa4 {
[%emt 0:01:31]} Nd4 {[%emt 0:00:10]} 32. Bd3 {[%emt 0:00:25]} f5 {[%emt 0:03:
20]} 33. Qa6 {[%emt 0:01:35]} Qc5 {[%emt 0:04:39]} 34. Rc1 {[%emt 0:08:43]} Qb4
{[%emt 0:00:43]} 35. b6 {[%emt 0:02:51]} Kh6 {[%emt 0:02:16]} 36. exf5 {
[%emt 0:02:43]} Rb8 {[%emt 0:01:47]} 37. a3 {[%emt 0:29:50]} Qxb6 {[%emt 0:00:
22]} 38. Qxb6 {[%emt 0:00:11]} Rxb6 {[%emt 0:00:01]} 39. fxg6 {[%emt 0:00:10]}
d5 {[%emt 0:00:24]} 40. Rd1 {[%emt 0:02:09]} Rd6 {[%emt 0:00:23]} 41. Re1 {
[%emt 0:00:13]} e4 {[%emt 0:00:53]} 42. Bc2 {[%emt 0:02:20]} Nf5 {[%emt 0:00:
56]} 43. b4 {[%emt 0:00:32]} Rxg6 {[%emt 0:02:32]} 44. g3 {[%emt 0:00:28]} Re6
{[%emt 0:00:46]} 45. a4 {[%emt 0:01:35]} Nd6 {[%emt 0:01:36]} 46. Bb3 {[%emt 0:
01:41]} Re5 {[%emt 0:00:57]} 47. Rd1 {[%emt 0:00:52]} e3 {[%emt 0:00:58]} 48.
Bxd5 {[%emt 0:00:38]} e2 {[%emt 0:00:31]} 49. Re1 {[%emt 0:01:21]} Rxd5 {
[%emt 0:00:29]} 50. Rxe2 {[%emt 0:00:05]} Rd4 {[%emt 0:00:52]} 51. Kc2 {
[%emt 0:00:43]} Kg5 {[%emt 0:01:08]} 52. Kc3 {[%emt 0:00:51]} Rc4+ {[%emt 0:00:
55]} 53. Kb3 {[%emt 0:00:09]} Rc8 {[%emt 0:00:56]} 54. h3 {[%emt 0:00:58]} Nf5
{[%emt 0:02:20]} 55. Rg2 {[%emt 0:00:31]} Nd4+ {[%emt 0:01:19]} 56. Ka2 {
[%emt 0:00:32]} Rc4 {[%emt 0:01:46]} 57. Ka3 {[%emt 0:01:07]} Rc3+ {[%emt 0:00:
40]} 58. Ka2 {[%emt 0:00:11]} Nf5 {[%emt 0:02:00]} 59. g4 {[%emt 0:00:17]} Ne3
{[%emt 0:01:45]} 60. Rb2 {[%emt 0:00:37]} Nc4 {[%emt 0:01:15]} 61. Rb3 {
[%emt 0:00:55]} Rc2+ {[%emt 0:01:03]} 62. Kb1 {[%emt 0:00:18]} Re2 {[%emt 0:00:
47]} 63. Kc1 {[%emt 0:01:07]} hxg4 {[%emt 0:01:27]} 64. hxg4 {[%emt 0:00:24]}
Kxg4 {[%emt 0:01:52]} 65. b5 {[%emt 0:00:18]} Na5 {[%emt 0:00:53]} 66. Rb4+ {
[%emt 0:00:11]} Kf5 {[%emt 0:02:21]} 67. b6 {[%emt 0:00:12]} Nb7 {[%emt 0:01:
48]} 68. Kb1 {[%emt 0:01:38]} Re5 {[%emt 0:00:32]} 1/2-1/2

[Event "European School Championships"]
[Site "Rhodes, Greece"]
[Date "2022.04.21"]
[Round "1.4"]
[White "Steiners, Emils"]
[Black "Rutkowski, Feliks"]
[Result "0-1"]
[WhiteElo "1731"]
[BlackElo "1300"]
[PlyCount "46"]
[EventDate "2022.04.21"]
[EventRounds "9"]

1. e4 {[%emt 0:00:10]} c5 {[%emt 0:00:07]} 2. d4 {[%emt 0:00:09]} cxd4 {
[%emt 0:00:06]} 3. c3 {[%emt 0:00:18]} dxc3 {[%emt 0:00:08]} 4. Nxc3 {[%emt 0:
00:05]} e6 {[%emt 0:00:14]} 5. Nf3 {[%emt 0:00:05]} Nc6 {[%emt 0:00:36]} 6. Bc4
{[%emt 0:00:16]} a6 {[%emt 0:00:11]} 7. Be3 {[%emt 0:01:04]} b5 {[%emt 0:01:09]
} 8. Bb3 {[%emt 0:00:06]} Bb7 {[%emt 0:00:07]} 9. O-O {[%emt 0:00:09]} Be7 {
[%emt 0:00:22]} 10. Re1 {[%emt 0:10:54]} Na5 {[%emt 0:02:37]} 11. e5 {[%emt 0:
04:33]} Rc8 {[%emt 0:07:43]} 12. Qe2 {[%emt 0:03:47]} Nxb3 {[%emt 0:01:47]} 13.
axb3 {[%emt 0:00:24]} f6 {[%emt 0:05:28]} 14. Nh4 {[%emt 0:07:13]} g6 {[%emt 0:
03:17]} 15. Nf3 {[%emt 0:04:19]} Bc5 {[%emt 0:12:00]} 16. Bxc5 {[%emt 0:02:30]}
Rxc5 {[%emt 0:00:07]} 17. Ne4 {[%emt 0:00:47]} Bxe4 {[%emt 0:02:06]} 18. Qxe4 {
[%emt 0:00:08]} a5 {[%emt 0:06:13]} 19. Rad1 {[%emt 0:02:51]} f5 {[%emt 0:11:
50]} 20. Qe3 {[%emt 0:00:47]} Qc7 {[%emt 0:01:18]} 21. Rc1 {[%emt 0:00:26]}
Rxc1 {[%emt 0:01:07]} 22. Rxc1 {[%emt 0:03:21]} Qb7 {[%emt 0:02:27]} 23. Qh6 {
[%emt 0:04:26]} Nxh6 {[%emt 0:00:24]} 0-1

[Event "European School Championships"]
[Site "Rhodes, Greece"]
[Date "2022.04.21"]
[Round "1.5"]
[White "Barbier-Ramaiah, Rohan Theo"]
[Black "Migalko, Dmitriy"]
[Result "0-1"]
[WhiteElo "1268"]
[BlackElo "1694"]
[PlyCount "148"]
[EventDate "2022.04.21"]
[EventRounds "9"]

1. d4 {[%emt 0:00:03]} d5 {[%emt 0:00:09]} 2. c4 {[%emt 0:00:09]} e6 {[%emt 0:
00:07]} 3. Nc3 {[%emt 0:00:23]} c5 {[%emt 0:00:09]} 4. cxd5 {[%emt 0:00:17]}
exd5 {[%emt 0:00:13]} 5. dxc5 {[%emt 0:01:32]} d4 {[%emt 0:00:26]} 6. Ne4 {
[%emt 0:01:43]} Bxc5 {[%emt 0:01:05]} 7. Bd2 {[%emt 0:02:34]} Be7 {[%emt 0:01:
07]} 8. Qb3 {[%emt 0:02:28]} Nc6 {[%emt 0:03:18]} 9. Nf3 {[%emt 0:06:30]} Nf6 {
[%emt 0:02:41]} 10. Nfg5 {[%emt 0:06:17]} O-O {[%emt 0:01:15]} 11. Qc2 {
[%emt 0:03:28]} Nxe4 {[%emt 0:01:18]} 12. Nxe4 {[%emt 0:00:23]} Bf5 {[%emt 0:
02:49]} 13. Nf6+ {[%emt 0:03:01]} Bxf6 {[%emt 0:00:10]} 14. Qxf5 {[%emt 0:00:
10]} Re8 {[%emt 0:03:15]} 15. Rb1 {[%emt 0:05:03]} Rc8 {[%emt 0:02:16]} 16. g3
{[%emt 0:02:24]} d3 {[%emt 0:05:50]} 17. e3 {[%emt 0:01:26]} Nd4 {[%emt 0:01:
11]} 18. Qxd3 {[%emt 0:09:50]} Nf3+ {[%emt 0:00:25]} 19. Kd1 {[%emt 0:00:33]}
Qxd3 {[%emt 0:00:13]} 20. Bxd3 {[%emt 0:00:06]} Red8 {[%emt 0:00:14]} 21. Ke2 {
[%emt 0:00:45]} Rxd3 {[%emt 0:01:29]} 22. Kxd3 {[%emt 0:03:53]} Rd8+ {[%emt 0:
00:08]} 23. Ke2 {[%emt 0:01:39]} Nxd2 {[%emt 0:00:21]} 24. Rbd1 {[%emt 0:00:32]
} Ne4 {[%emt 0:00:23]} 25. Rxd8+ {[%emt 0:00:52]} Bxd8 {[%emt 0:00:05]} 26. Rd1
{[%emt 0:00:28]} Bb6 {[%emt 0:00:18]} 27. Rd7 {[%emt 0:00:56]} Nc5 {[%emt 0:00:
15]} 28. Re7 {[%emt 0:00:23]} Kf8 {[%emt 0:00:07]} 29. Re5 {[%emt 0:00:23]} f6
{[%emt 0:00:23]} 30. Rd5 {[%emt 0:00:50]} Ke7 {[%emt 0:00:17]} 31. f3 {[%emt 0:
03:04]} Ke6 {[%emt 0:09:15]} 32. Rd2 {[%emt 0:01:58]} Nd7 {[%emt 0:02:53]} 33.
f4 {[%emt 0:00:41]} f5 {[%emt 0:00:31]} 34. g4 {[%emt 0:01:00]} fxg4 {[%emt 0:
02:13]} 35. f5+ {[%emt 0:00:37]} Ke7 {[%emt 0:00:15]} 36. Kf2 {[%emt 0:01:23]}
Nf6 {[%emt 0:01:01]} 37. Rc2 {[%emt 0:02:11]} Nd5 {[%emt 0:01:42]} 38. Re2 {
[%emt 0:02:11]} Kf6 {[%emt 0:00:28]} 39. Kg3 {[%emt 0:01:17]} Nxe3 {[%emt 0:00:
45]} 40. Kf4 {[%emt 0:00:37]} h5 {[%emt 0:01:00]} 41. Rd2 {[%emt 0:01:11]} Nxf5
{[%emt 0:00:38]} 42. Rd5 {[%emt 0:00:41]} g5+ {[%emt 0:00:57]} 43. Ke4 {
[%emt 0:00:20]} Ng7 {[%emt 0:02:31]} 44. Rd6+ {[%emt 0:00:44]} Ne6 {[%emt 0:00:
23]} 45. Kd5 {[%emt 0:00:16]} Bc7 {[%emt 0:00:36]} 46. Rxe6+ {[%emt 0:00:16]}
Kf5 {[%emt 0:00:03]} 47. Re2 {[%emt 0:00:46]} h4 {[%emt 0:00:34]} 48. Rf2+ {
[%emt 0:00:15]} Bf4 {[%emt 0:00:21]} 49. b4 {[%emt 0:01:23]} g3 {[%emt 0:00:23]
} 50. hxg3 {[%emt 0:00:24]} hxg3 {[%emt 0:00:08]} 51. Rg2 {[%emt 0:00:54]} Kg4
{[%emt 0:00:08]} 52. Ke4 {[%emt 0:02:14]} Kh3 {[%emt 0:00:12]} 53. Rc2 {
[%emt 0:00:51]} g2 {[%emt 0:00:11]} 54. Rc3+ {[%emt 0:00:29]} Kh2 {[%emt 0:00:
39]} 55. Rc2 {[%emt 0:00:53]} Kh1 {[%emt 0:00:15]} 56. Rxg2 {[%emt 0:02:24]}
Kxg2 {[%emt 0:00:08]} 57. Kf5 {[%emt 0:00:15]} Kf3 {[%emt 0:00:15]} 58. a4 {
[%emt 0:00:09]} g4 {[%emt 0:00:08]} 59. a5 {[%emt 0:00:19]} Bd2 {[%emt 0:00:07]
} 60. b5 {[%emt 0:01:08]} Bxa5 {[%emt 0:00:10]} 61. b6 {[%emt 0:00:05]} Bxb6 {
[%emt 0:00:08]} 62. Kg5 {[%emt 0:00:06]} g3 {[%emt 0:00:16]} 63. Kf5 {[%emt 0:
02:11]} g2 {[%emt 0:00:12]} 64. Ke5 {[%emt 0:00:09]} g1=Q {[%emt 0:00:16]} 65.
Ke6 {[%emt 0:00:06]} Kf4 {[%emt 0:00:20]} 66. Kf7 {[%emt 0:00:13]} Qg5 {
[%emt 0:00:14]} 67. Ke6 {[%emt 0:00:32]} Qe5+ {[%emt 0:00:12]} 68. Kf7 {
[%emt 0:00:16]} Bd4 {[%emt 0:00:17]} 69. Kf8 {[%emt 0:00:21]} Bg1 {[%emt 0:00:
13]} 70. Kf7 {[%emt 0:00:11]} Kg5 {[%emt 0:00:11]} 71. Kf8 {[%emt 0:00:37]}
Bc5+ {[%emt 0:00:23]} 72. Kg8 {[%emt 0:00:30]} Qe7 {[%emt 0:00:21]} 73. Kh8 {
[%emt 0:00:26]} Bd4+ {[%emt 0:00:06]} 74. Kg8 {[%emt 0:00:14]} Qg7# {[%emt 0:
00:07]} 0-1

[Event "European School Championships"]
[Site "Rhodes, Greece"]
[Date "2022.04.21"]
[Round "1.6"]
[White "Grose, Kameron"]
[Black "Doganay, Kerem Gokalp"]
[Result "1-0"]
[WhiteElo "1681"]
[BlackElo "1216"]
[PlyCount "69"]
[EventDate "2022.04.21"]
[EventRounds "9"]

1. e4 {[%emt 0:00:04]} c5 {[%emt 0:00:08]} 2. Nf3 {[%emt 0:00:09]} Nc6 {
[%emt 0:00:04]} 3. d4 {[%emt 0:00:16]} cxd4 {[%emt 0:00:09]} 4. Nxd4 {[%emt 0:
00:29]} Nf6 {[%emt 0:00:18]} 5. Nc3 {[%emt 0:00:17]} e5 {[%emt 0:00:19]} 6.
Ndb5 {[%emt 0:01:07]} d6 {[%emt 0:00:12]} 7. Bg5 {[%emt 0:01:46]} a6 {[%emt 0:
00:14]} 8. Na3 {[%emt 0:00:33]} b5 {[%emt 0:00:27]} 9. Nd5 {[%emt 0:01:25]} Be7
{[%emt 0:01:13]} 10. Nxe7 {[%emt 0:02:53]} Nxe7 {[%emt 0:00:21]} 11. Bxf6 {
[%emt 0:00:42]} gxf6 {[%emt 0:00:18]} 12. c4 {[%emt 0:05:59]} bxc4 {[%emt 0:07:
58]} 13. Bxc4 {[%emt 0:00:15]} Rb8 {[%emt 0:12:35]} 14. Bb3 {[%emt 0:07:28]}
O-O {[%emt 0:14:47]} 15. Nc4 {[%emt 0:14:58]} d5 {[%emt 0:01:50]} 16. exd5 {
[%emt 0:04:50]} Nxd5 {[%emt 0:00:15]} 17. Qf3 {[%emt 0:07:16]} Nf4 {[%emt 0:01:
20]} 18. Rd1 {[%emt 0:02:24]} Qe7 {[%emt 0:02:10]} 19. Nd6 {[%emt 0:09:06]} Bb7
{[%emt 0:12:46]} 20. Nxb7 {[%emt 0:00:07]} Qb4+ {[%emt 0:03:16]} 21. Kf1 {
[%emt 0:05:55]} Rxb7 {[%emt 0:00:26]} 22. g3 {[%emt 0:01:57]} Qb5+ {[%emt 0:06:
55]} 23. Ke1 {[%emt 0:04:31]} Ng6 {[%emt 0:06:41]} 24. Rd5 {[%emt 0:03:32]} Qc6
{[%emt 0:05:32]} 25. Ke2 {[%emt 0:04:18]} e4 {[%emt 0:05:29]} 26. Qc3 {[%emt 0:
00:55]} Qe6 {[%emt 0:02:56]} 27. Rhd1 {[%emt 0:03:00]} Qg4+ {[%emt 0:01:34]}
28. Kf1 {[%emt 0:01:42]} Ne5 {[%emt 0:02:00]} 29. Kg2 {[%emt 0:04:37]} Kg7 {
[%emt 0:03:08]} 30. h3 {[%emt 0:04:05]} Qg6 31. Rd8 {[%emt 0:00:35]} Rxd8 {
[%emt 0:00:58]} 32. Rxd8 {[%emt 0:00:16]} Nd3 {[%emt 0:01:19]} 33. Qc8 {
[%emt 0:01:43]} Qh5 {[%emt 0:01:20]} 34. Rg8+ {[%emt 0:00:37]} Kh6 {[%emt 0:00:
09]} 35. Qf8# {[%emt 0:01:01]} 1-0